书目信息 |
| 题名: |
常见数序缩略语词典
|
|
| 作者: | 姚建元 主编 | |
| 分册: | ||
| 出版信息: | 济南 山东大学出版社 2001.05 |
|
| 页数: | 290页 | |
| 开本: | 19cm | |
| 丛书名: | ||
| 单 册: | ||
| 中图分类: | H136.6-61 | |
| 科图分类: | ||
| 主题词: | 汉语--语义 , 汉语--语义学 , 汉语--词汇 , 训诂 | |
| 电子资源: | ||
| ISBN: | 7-5607-2223-7 | |
| 000 | 00645nam0 2200229 45 | |
| 001 | 0339664165 | |
| 005 | 2003022611010334 | |
| 010 | @a7-5607-2223-7@dRMB 13.60 | |
| 100 | @a20030226d2001 km y0chiy0120 ea | |
| 101 | 0 | @achi |
| 102 | @aCN@b370000 | |
| 200 | 1 | @a常见数序缩略语词典@Achang jian shu xu suo lue yu ci dian@f姚建元主编@Fyao jian yuan zhu bian |
| 210 | @a济南@c山东大学出版社@d2001.05 | |
| 215 | @a290页@d19cm | |
| 606 | 0 | @a汉语@x语义 |
| 606 | 0 | @a汉语@x语义学 |
| 606 | 0 | @a汉语@x词汇 |
| 606 | 0 | @a训诂 |
| 690 | @aH136.6-61@v3 | |
| 701 | 0 | @a姚建元@Ayao jian yuan@4主编 |
| 801 | 0 | @aCN@bPFT@c20030226 |
| 905 | @dH136.6-61@eY355 | |
| 常见数序缩略语词典/姚建元主编.-济南:山东大学出版社,2001.05 |
| 290页;19cm |
| ISBN 7-5607-2223-7:RMB 13.60 |
| ● |
| 相关链接 |
|
|
|
正题名:常见数序缩略语词典
索取号:H136.6-61/Y355
 
预约/预借
| 序号 | 登录号 | 条形码 | 馆藏地/架位号 | 状态 | 备注 |
| 1 | 364533 | 203645332 | 语言库209/209语言库 73排2列4层/ [索取号:H136.6-61/Y355] | 在馆 | |
| 2 | 364534 | 203645341 | 语言库209/209语言库 73排2列4层/ [索取号:H136.6-61/Y355] | 在馆 | |
| 3 | 364535 | 203645350 | 语言库209/209语言库 73排2列4层/ [索取号:H136.6-61/Y355] | 在馆 |